| 000 | 01517cam a2200361 4500 | ||
|---|---|---|---|
| 008 | 041216n2005 000 0 eng u | ||
| 020 | _a0406966516 | ||
| 035 | _a(Sirsi) u128330 | ||
| 041 | _aeng | ||
| 050 |
_a306.026 _c18 |
||
| 100 | _aHughes, David | ||
| 245 | _aText and materials on housing law | ||
| 260 |
_aOxford _bOxford University Press _c2005 |
||
| 300 |
_alxxiv, 733p. _c25cm. |
||
| 350 | _a29.95 | ||
| 520 | _aWritten primarily for students, this comprehensive text covers all key areas of housing law, providing extensive references to case and statute law. Discusses: housing law policy and procedure; categories of occupation and the status of occupants; private sector tenancies; unlawful and unfair practices by landlords; social housing allocation; public sector tenants' rights; keeping the peace on our estates; homelessness; housing and the family; housing standards and repair; multi-occupancy and selective licensing of rented housing; and housing and human rights. Tables of cases and statutes. | ||
| 650 | _aSOCIAL HOUSING | ||
| 650 | _aHOUSES IN MULTIPLE OCCUPATION | ||
| 650 | _aLICENSING | ||
| 650 | _aPRIVATE TENANTS | ||
| 650 | _aPUBLIC SECTOR TENANCIES | ||
| 650 | _aANTI-SOCIAL BEHAVIOUR | ||
| 650 | _aHOMELESSNESS | ||
| 650 | _aHUMAN RIGHTS | ||
| 650 | _aHOUSING STANDARDS | ||
| 650 | _aHOUSING LAW | ||
| 650 | _aFAMILY LAW | ||
| 690 | _aHOUSING | ||
| 700 | _aDavis, Martin | ||
| 700 | _aMatthew, Veronica | ||
| 700 | _aJones, Alwyn | ||
| 942 | _n0 | ||
| 999 |
_c103892 _d103892 |
||